[Event "C.to Regionale Veneto"]
[Site "Arqua' Petrarca ITA"]
[Date "2006.05.07"]
[Round "3"]
[White "Bonafede, Alessandro"]
[Black "Carlassara, Renato"]
[Result "1-0"]
[WhiteElo "2161"]
[BlackElo "1841"]
[PlyCount "49"]
[EventDate "2006.05.06"]

1. e4 e5 2. Nf3 Nc6 3. Bb5 a6 4. Ba4 Nf6 5. O-O Nxe4 6. d4 b5 7. Bb3 d5 8. dxe5
Be6 9. c3 Be7 10. Nbd2 Nc5 11. Bc2 Bg4 12. h3 Bh5 13. g4 Bg6 14. Nb3 Ne6 15.
Nbd4 Ncxd4 16. Nxd4 h5 17. Bxg6 Nxd4 18. Bxf7+ Kxf7 19. cxd4 hxg4 20. Qxg4 Rh4
21. Qf5+ Kg8 22. Be3 Qe8 23. Kh2 Rh5 24. Qe6+ Kh7 25. Rac1 1-0

[Event "C.to Regionale Veneto"]
[Site "Arqua' Petrarca ITA"]
[Date "2006.05.07"]
[Round "3"]
[White "Brugnaro, Luca"]
[Black "Pomaro, Stefano"]
[Result "0-1"]
[WhiteElo "1332"]
[BlackElo "1933"]
[PlyCount "42"]
[EventDate "2006.05.06"]

1. c4 f5 2. e3 e5 3. d4 Bb4+ 4. Nc3 Nc6 5. a3 Bxc3+ 6. bxc3 Nf6 7. Bd3 d6 8.
Ne2 O-O 9. Ng3 e4 10. Be2 Ne7 11. O-O Bd7 12. Qb3 Rb8 13. c5+ d5 14. f3 Kh8 15.
fxe4 fxe4 16. c4 Bc6 17. Nh5 Nxh5 18. Rxf8+ Qxf8 19. Bxh5 Qf5 20. cxd5 Rf8 21.
Bd2 Qf2+ 0-1

[Event "C.to Regionale Veneto"]
[Site "Arqua' Petrarca ITA"]
[Date "2006.05.07"]
[Round "3"]
[White "Cacco, Christian"]
[Black "Pomaro, Alberto"]
[Result "1-0"]
[WhiteElo "2322"]
[BlackElo "2011"]
[PlyCount "95"]
[EventDate "2006.05.06"]

1. d4 Nf6 2. Nf3 g6 3. c4 Bg7 4. Nc3 O-O 5. g3 d6 6. Bg2 Nc6 7. h3 e5 8. Be3
Nh5 9. dxe5 Nxe5 10. Nxe5 dxe5 11. Qxd8 Rxd8 12. Nb5 Bd7 13. Nxc7 Rac8 14. Nd5
Rxc4 15. b3 e4 16. bxc4 Bxa1 17. Bxe4 Re8 18. Bg2 Bc6 19. O-O Bg7 20. g4 Nf6
21. Nxf6+ Bxf6 22. Bxc6 bxc6 23. Rb1 Kg7 24. g5 Bc3 25. Rb3 Ba1 26. Ra3 Re4 27.
c5 Bd4 28. Ra4 Rxe3 29. fxe3 Bxe3+ 30. Kg2 Bxc5 31. Rc4 Be7 32. h4 c5 33. Ra4
f6 34. Rxa7 Kf7 35. gxf6 Kxf6 36. Kf3 Ke6 37. a4 Bxh4 38. Rxh7 Be1 39. Ke4 g5
40. Rh6+ Kf7 41. Rc6 Bb4 42. Kf5 Ke7 43. Ke5 g4 44. Rg6 Kd7 45. Kd5 Kc7 46.
Rxg4 Kb6 47. Rg6+ Ka5 48. Kc4 1-0

[Event "C.to Regionale Veneto"]
[Site "Arqua' Petrarca ITA"]
[Date "2006.05.07"]
[Round "3"]
[White "Casciello, Dimitri"]
[Black "Troise, Salvatore"]
[Result "1-0"]
[WhiteElo "2010"]
[BlackElo "1679"]
[PlyCount "82"]
[EventDate "2006.05.06"]

1. e4 c5 2. Nf3 Nc6 3. d4 cxd4 4. Nxd4 e5 5. Nb5 d6 6. N1c3 a6 7. Na3 Nf6 8.
Bg5 Be7 9. Nc4 Nd4 10. Bxf6 Bxf6 11. Nd5 b5 12. Nce3 Bg5 13. c3 Nc6 14. Bd3 O-O
15. h4 Bxe3 16. Nxe3 Be6 17. Qh5 Qf6 18. Bc2 Ne7 19. Rd1 Rad8 20. O-O g6 21.
Qg5 Qxg5 22. hxg5 f5 23. gxf6 Rxf6 24. Bb3 Bxb3 25. axb3 h5 26. Rd2 Kf7 27. Ra1
Ra8 28. Nd5 Nxd5 29. Rxd5 Ke7 30. Rxb5 axb5 31. Rxa8 Kd7 32. Ra1 Ke6 33. Rf1
Rf8 34. f3 g5 35. Kf2 g4 36. Rh1 gxf3 37. gxf3 Rh8 38. Ke3 h4 39. f4 exf4+ 40.
Kxf4 Rh7 41. Rh2 Rg7 1-0

[Event "C.to Regionale Veneto"]
[Site "Arqua' Petrarca ITA"]
[Date "2006.05.07"]
[Round "3"]
[White "De Marchi, Alessandro"]
[Black "Sanavio, Giancarlo"]
[Result "0-1"]
[WhiteElo "1600"]
[BlackElo "1808"]
[PlyCount "44"]
[EventDate "2006.05.06"]

1. d4 d5 2. Nf3 c5 3. c3 Nc6 4. g3 Bf5 5. Bg2 e6 6. O-O Nf6 7. a3 Rc8 8. dxc5
Bxc5 9. b4 Bb6 10. Bb2 O-O 11. Nh4 Be4 12. Nd2 Bxg2 13. Nxg2 Ne5 14. h3 Qc7 15.
Rc1 Nc4 16. Nxc4 dxc4 17. Qc2 Qxg3 18. e3 Qxh3 19. f3 Nh5 20. Kf2 Qg3+ 21. Kg1
Bxe3+ 22. Kh1 Qh3# 0-1

[Event "C.to Regionale Veneto"]
[Site "Arqua' Petrarca ITA"]
[Date "2006.05.07"]
[Round "3"]
[White "Dussin, Davide"]
[Black "Colusso, Enrico"]
[Result "1-0"]
[WhiteElo "1718"]
[BlackElo "1733"]
[PlyCount "51"]
[EventDate "2006.05.06"]

1. d4 Nf6 2. c4 g6 3. Nc3 d5 4. cxd5 Nxd5 5. e4 Nxc3 6. bxc3 Bg7 7. Bc4 c5 8.
Ne2 O-O 9. O-O Nc6 10. Be3 cxd4 11. cxd4 Bg4 12. f3 Na5 13. Bxf7+ Rxf7 14. fxg4
Rxf1+ 15. Qxf1 Qd7 16. Rc1 Rc8 17. Rxc8+ Qxc8 18. Qc1 Qxg4 19. Qc2 Qd7 20. d5
b6 21. Bd2 Nb7 22. Bb4 Be5 23. Qc6 Qxc6 24. dxc6 Nd6 25. Nc3 Bxc3 26. Bxd6 1-0

[Event "C.to Regionale Veneto"]
[Site "Arqua' Petrarca ITA"]
[Date "2006.05.07"]
[Round "3"]
[White "Guclu, Yaman"]
[Black "Santacaterina, Pietro"]
[Result "1-0"]
[WhiteElo "2027"]
[BlackElo "1598"]
[PlyCount "75"]
[EventDate "2006.05.06"]

1. d4 c6 2. c4 d5 3. Nc3 e6 4. Nf3 Nf6 5. Bg5 Be7 6. e3 O-O 7. Rc1 Nbd7 8. Bd3
dxc4 9. Bxc4 Nd5 10. Bxe7 Qxe7 11. O-O N7f6 12. Ne2 Ne4 13. Bd3 f5 14. Ng3 Nd6
15. Re1 Qf6 16. e4 fxe4 17. Nxe4 Qf4 18. Nxd6 Qxd6 19. Ne5 Nf4 20. Bf1 Rf6 21.
g3 Ng6 22. Bg2 Bd7 23. Ng4 Rf7 24. Be4 Ne7 25. Qd3 Nf5 26. Ne5 Rf6 27. g4 Nxd4
28. g5 Rf4 29. Bxh7+ Kh8 30. Ng6+ Kxh7 31. Nxf4+ Kg8 32. Ng6 Re8 33. Ne5 Rf8
34. Rcd1 c5 35. Qh3 g6 36. Nxg6 e5 37. Qh8+ Kf7 38. Nxe5+ 1-0

[Event "C.to Regionale Veneto"]
[Site "Arqua' Petrarca ITA"]
[Date "2006.05.07"]
[Round "3"]
[White "Mosconi, Ariel Oscar"]
[Black "Gennari, Leone"]
[Result "1/2-1/2"]
[WhiteElo "2122"]
[BlackElo "2035"]
[PlyCount "75"]
[EventDate "2006.05.06"]

1. e4 e6 2. d4 d5 3. Bd3 c5 4. c3 Nc6 5. Nf3 cxd4 6. cxd4 Nb4 7. exd5 Nxd3+ 8.
Qxd3 exd5 9. O-O Nf6 10. Ne5 Be7 11. Qg3 O-O 12. Bh6 Ne8 13. Bf4 Nd6 14. Nc3
Be6 15. Rad1 Rc8 16. Rfe1 Nf5 17. Qd3 Nh4 18. Bg3 Ng6 19. Nxg6 hxg6 20. Be5 a6
21. a3 Qa5 22. Ne2 Bf5 23. Qd2 Qxd2 24. Rxd2 Rc6 25. Ng3 Be6 26. Nf1 Rfc8 27.
Ne3 Bg5 28. h3 Rc1 29. Rxc1 Rxc1+ 30. Kh2 Bxe3 31. fxe3 Bf5 32. Kg3 Be4 33. Kf2
f6 34. Bd6 Kf7 35. h4 Ke6 36. Bf8 Kf7 37. Bd6 Rh1 38. Kg3 1/2-1/2

[Event "C.to Regionale Veneto"]
[Site "Arqua' Petrarca ITA"]
[Date "2006.05.07"]
[Round "3"]
[White "Panciera, Fabio"]
[Black "Chiesa, Roberto"]
[Result "1-0"]
[WhiteElo "1757"]
[BlackElo "1680"]
[PlyCount "125"]
[EventDate "2006.05.06"]

1. e4 e6 2. d4 d5 3. e5 c5 4. c3 Nc6 5. Nf3 Bd7 6. a3 f6 7. Bb5 Nxe5 8. Nxe5
fxe5 9. Qh5+ g6 10. Qxe5 Qf6 11. Bxd7+ Kxd7 12. Bf4 Rc8 13. Qe3 cxd4 14. cxd4
Bg7 15. Be5 Qe7 16. Nc3 Bxe5 17. Qxe5 Nf6 18. O-O Rhf8 19. f3 Ne8 20. Rfe1 Qd6
21. Qe3 Nc7 22. Re2 Rf5 23. Rae1 Rf6 24. Qd3 Qa6 25. Qxa6 Nxa6 26. Kf2 Nc7 27.
Nd1 Nb5 28. Ke3 Nd6 29. Nf2 h5 30. g4 Rf7 31. Nd3 Nc4+ 32. Kf2 hxg4 33. Nc5+
Kc7 34. Rxe6 Rxf3+ 35. Kg2 Nd6 36. Rxg6 Ne4 37. Nxe4 dxe4 38. Rxe4 Rcf8 39.
Re7+ Kc8 40. Re2 R3f4 41. Rd2 Rd8 42. Kg3 Rfxd4 43. Rxd4 Rxd4 44. Rxg4 Rd3+ 45.
Kf4 Rd2 46. h4 Rxb2 47. h5 Rh2 48. Kg5 b5 49. Kg6 Rh3 50. h6 Rxa3 51. h7 Rh3
52. Rg5 a6 53. Rh5 Rg3+ 54. Kf5 Rf3+ 55. Ke4 Rf8 56. h8=Q Rxh8 57. Rxh8+ Kc7
58. Rh6 a5 59. Kd4 b4 60. Kc4 Kb7 61. Kb3 Ka7 62. Ka4 Kb7 63. Kxa5 1-0

[Event "C.to Regionale Veneto"]
[Site "Arqua' Petrarca ITA"]
[Date "2006.05.07"]
[Round "3"]
[White "Pechy, Alaster"]
[Black "Belloni, Umberto"]
[Result "1-0"]
[WhiteElo "2199"]
[BlackElo "1915"]
[PlyCount "67"]
[EventDate "2006.05.06"]

1. d4 d5 2. c4 c6 3. Nc3 e6 4. Nf3 Bd6 5. e4 dxe4 6. Nxe4 Bb4+ 7. Bd2 Be7 8.
Bc3 Nf6 9. Ng3 O-O 10. Qc2 Nbd7 11. Bd3 g6 12. O-O-O Qc7 13. h4 b5 14. c5 Nd5
15. h5 Nxc3 16. bxc3 Qf4+ 17. Kb1 Qf6 18. hxg6 fxg6 19. Rh6 Qg7 20. Rdh1 Rf6
21. Rxh7 Qxh7 22. Rxh7 Kxh7 23. Nh5 Rf5 24. Bxf5 exf5 25. Qe2 Bf8 26. Ng5+ Kh6
27. Nf7+ Kh7 28. Ng5+ Kh6 29. f4 Nxc5 30. Nf7+ Kh7 31. dxc5 gxh5 32. Qxh5+ Kg7
33. Ng5 Be6 34. Nxe6+ 1-0

[Event "C.to Regionale Veneto"]
[Site "Arqua' Petrarca ITA"]
[Date "2006.05.07"]
[Round "3"]
[White "Quaranta, Cristiano"]
[Black "Mileto, Gabriele"]
[Result "0-1"]
[WhiteElo "2083"]
[BlackElo "2182"]
[PlyCount "64"]
[EventDate "2006.05.06"]

1. d4 g6 2. e4 d6 3. c4 Nf6 4. Nc3 Bg7 5. f3 O-O 6. Be3 c5 7. d5 e6 8. Bd3 exd5
9. cxd5 a6 10. a4 Nbd7 11. Nge2 Ne5 12. Bc2 Bd7 13. Rb1 Qa5 14. O-O b5 15. b4
cxb4 16. Na2 Nc4 17. Bf2 Rfc8 18. Rxb4 Bh6 19. f4 Ng4 20. Qd3 Nce3 21. Bxe3
Nxe3 22. Qxe3 Rxc2 23. Nec3 Rc8 24. Rfb1 Qc7 25. axb5 axb5 26. R1b3 Qc5 27.
Qxc5 dxc5 28. Rxb5 Bxb5 29. Rxb5 Bxf4 30. Ra5 Be3+ 31. Kf1 Rb8 32. d6 Kf8 0-1

[Event "C.to Regionale Veneto"]
[Site "Arqua' Petrarca ITA"]
[Date "2006.05.07"]
[Round "3"]
[White "Ravagnani, Tiziano"]
[Black "Andolfatto, Biagio"]
[Result "1/2-1/2"]
[WhiteElo "2055"]
[BlackElo "1684"]
[PlyCount "48"]
[EventDate "2006.05.06"]

1. e4 c5 2. Nf3 d6 3. d4 cxd4 4. Nxd4 Nf6 5. Nc3 a6 6. Bg5 e6 7. f4 Be7 8. Qf3
Nbd7 9. Bc4 Nc5 10. b4 Ncxe4 11. Nxe4 Nxe4 12. Qxe4 d5 13. Bxd5 Bxb4+ 14. Kf2
Qxd5 15. Qxd5 exd5 16. Rab1 Bc3 17. Ne2 Ba5 18. Rhd1 O-O 19. Rxd5 b5 20. f5 Bb7
21. Rd6 Be4 22. f6 gxf6 23. Bxf6 Bc7 24. Rd7 Bb6+ 1/2-1/2

[Event "C.to Regionale Veneto"]
[Site "Arqua' Petrarca ITA"]
[Date "2006.05.07"]
[Round "3"]
[White "Rossato, Armando"]
[Black "Danieli, Enrico"]
[Result "1-0"]
[WhiteElo "2087"]
[BlackElo "2143"]
[PlyCount "65"]
[EventDate "2006.05.06"]

1. d4 d5 2. Nf3 Nf6 3. e3 e6 4. Bd3 b6 5. Nbd2 Bb7 6. O-O Be7 7. b3 O-O 8. Bb2
c5 9. Ne5 Nbd7 10. Qf3 Qc7 11. Qh3 g6 12. f3 cxd4 13. exd4 Nxe5 14. dxe5 Nd7
15. f4 Nc5 16. Rac1 Nxd3 17. cxd3 Qd7 18. Nf3 Rac8 19. Rxc8 Rxc8 20. Nd4 Bf8
21. b4 Bxb4 22. f5 exf5 23. Nxf5 gxf5 24. Rxf5 Qe7 25. Qg4+ Kf8 26. e6 Bc5+ 27.
Kf1 Qxe6 28. Qg7+ Ke8 29. Re5 Qxe5 30. Qxe5+ Kf8 31. Bc1 Rc6 32. Qh8+ Ke7 33.
Bg5+ 1-0

[Event "C.to Regionale Veneto"]
[Site "Arqua' Petrarca ITA"]
[Date "2006.05.07"]
[Round "3"]
[White "Rossi, Carlo"]
[Black "Gallo, Enrico"]
[Result "1-0"]
[WhiteElo "2341"]
[BlackElo "2096"]
[PlyCount "39"]
[EventDate "2006.05.06"]

1. e4 e6 2. Nf3 d5 3. Nc3 c5 4. exd5 exd5 5. Bb5+ Bd7 6. Qe2+ Be7 7. Nxd5 Kf8
8. Bxd7 Qxd7 9. Nxe7 Nxe7 10. b3 Nbc6 11. Bb2 Re8 12. O-O h5 13. Qc4 b6 14.
Rae1 Rh6 15. Ng5 Qf5 16. h4 Rd6 17. Re4 Nd8 18. Qe2 f6 19. Re1 Qd7 20. Qxh5 1-0

[Event "C.to Regionale Veneto"]
[Site "Arqua' Petrarca ITA"]
[Date "2006.05.07"]
[Round "3"]
[White "Tegani, Andrea"]
[Black "Fracasso Pezzolato, Michele"]
[Result "1-0"]
[WhiteElo "1398"]
[BlackElo "1945"]
[PlyCount "77"]
[EventDate "2006.05.06"]

1. c4 Nf6 2. Nc3 d5 3. e3 Nc6 4. d4 g6 5. Nf3 Bg7 6. Bd3 e6 7. O-O O-O 8. b3 b6
9. Bb2 Nb4 10. Be2 Bb7 11. a3 Nc6 12. b4 dxc4 13. Bxc4 Ne7 14. Re1 Ned5 15.
Nxd5 exd5 16. Bb3 Ne4 17. Bc2 Nd6 18. Nd2 f5 19. Rc1 f4 20. exf4 Rxf4 21. g3
Rf7 22. f4 Qd7 23. Nf3 Nc4 24. Rb1 Re8 25. Ne5 Nxb2 26. Rxb2 Bxe5 27. fxe5 Ba6
28. Bd3 Bxd3 29. Qxd3 Qg4 30. Rf1 Ref8 31. Rxf7 Rxf7 32. Rf2 Rxf2 33. Kxf2 Qh3
34. Kg1 c6 35. Qa6 Qd7 36. Qf1 Kg7 37. Qf6+ Kg8 38. e6 Qg7 39. Qd8+ 1-0

[Event "C.to Regionale Veneto"]
[Site "Arqua' Petrarca ITA"]
[Date "2006.05.07"]
[Round "3"]
[White "Vianello, Enrico"]
[Black "Caruso, Augusto"]
[Result "1/2-1/2"]
[WhiteElo "2094"]
[BlackElo "2274"]
[PlyCount "109"]
[EventDate "2006.05.06"]

1. Nf3 e6 2. d4 f5 3. g3 Nf6 4. c4 d6 5. Bg2 Be7 6. O-O O-O 7. b4 a5 8. b5 Qe8
9. a4 Nbd7 10. Bb2 Qh5 11. Nfd2 Qg6 12. Qc2 e5 13. Nc3 Kh8 14. Nd5 Bd8 15. dxe5
dxe5 16. Nxf6 Bxf6 17. c5 e4 18. Rab1 Bxb2 19. Rxb2 Ne5 20. f3 e3 21. f4 Ng4
22. Nc4 Be6 23. h3 Nf2 24. Kh2 Bxc4 25. Qxc4 Qh5 26. Qd5 Ng4+ 27. Kg1 Nf2 28.
Qxb7 Rad8 29. Qf3 Qe8 30. Rb3 Ne4 31. Rxe3 Qe7 32. Rc1 Rd4 33. Ra3 Nxc5 34. Qc3
Rxa4 35. Rxa4 Nxa4 36. Qxc7 Qxe2 37. Qc4 Qe3+ 38. Kh2 h5 39. h4 Kh7 40. Rc2 Nb6
41. Qc5 Qd3 42. Bf1 Qb3 43. Rc3 Qb2+ 44. Rc2 Qb3 45. Rd2 Rf6 46. Bh3 Qe6 47.
Qe5 Qc8 48. Qe2 Kh6 49. Rc2 Qd7 50. Bg2 Re6 51. Qf1 a4 52. Bc6 Qd6 53. Qf2 Qd3
54. Rd2 Qe3 55. Qg2 1/2-1/2

[Event "C.to Regionale Veneto"]
[Site "Arqua' Petrarca ITA"]
[Date "2006.05.07"]
[Round "3"]
[White "Zanirato, Stefano"]
[Black "Colpo, Raffaele"]
[Result "0-1"]
[WhiteElo "1979"]
[BlackElo "1645"]
[PlyCount "186"]
[EventDate "2006.05.06"]

1. Nf3 d5 2. d3 Nf6 3. c3 Nc6 4. Qc2 e5 5. e4 d4 6. Be2 Be7 7. O-O O-O 8. a3 b6
9. c4 a5 10. b3 Nd7 11. Bb2 Nc5 12. Nbd2 f5 13. exf5 Bxf5 14. Ne4 Bxe4 15. b4
axb4 16. axb4 Nxb4 17. Rxa8 Bxa8 18. Qd2 Nbxd3 19. Bxd3 e4 20. Bxe4 Nxe4 21.
Qxd4 Qxd4 22. Bxd4 Ng5 23. Ne5 Ne6 24. Be3 Rd8 25. Ra1 Bf6 26. f4 g5 27. g3
gxf4 28. gxf4 Kf8 29. Kf2 Ke7 30. Ra7 Rc8 31. Ng4 Bd4 32. f5 Bxe3+ 33. Kxe3 Ng5
34. Kf4 Nf7 35. Ne3 Kf6 36. Ng4+ Ke7 37. Ne3 Nd6 38. Ke5 Be4 39. f6+ Kf7 40.
Ng4 Bd3 41. Kd4 Be2 42. Ne3 Ke6 43. Nd5 Nf5+ 44. Kc3 Nd6 45. Nf4+ Kxf6 46. Nxe2
Ne4+ 47. Kb4 Ke7 48. Nf4 Kd6 49. Nd5 Nf2 50. Ra2 Nd3+ 51. Kc3 Ne5 52. Rd2 Kc5
53. Ne3 c6 54. Rf2 Rd8 55. Nc2 Rd3+ 56. Kb2 Nxc4+ 57. Kc1 b5 58. Rf7 h5 59.
Rf5+ Rd5 60. Rf6 b4 61. Na1 Ne3 62. Nb3+ Kc4 63. Nd2+ Kb5 64. Rf8 Rc5+ 65. Kb1
Rc2 66. Rb8+ Kc5 67. Nb3+ Kc4 68. Na5+ Kc3 69. Rc8 Rb2+ 70. Kc1 Rc2+ 71. Kb1
Kd2 72. Nb3+ Kc3 73. Na5 Rxh2 74. Rxc6+ Kd4 75. Rh6 Nc4 76. Nc6+ Kc3 77. Nxb4
Kxb4 78. Rh8 h4 79. Kc1 Ne3 80. Re8 Re2 81. Rh8 Nf5 82. Rh5 Rf2 83. Kd1 Kc4 84.
Ke1 Rf4 85. Rh8 Ng3 86. Rh7 Kd4 87. Ra7 Ke5 88. Ra5+ Ke4 89. Ra4+ Kf3 90. Ra3+
Kg4 91. Ra8 Rf1+ 92. Kd2 h3 93. Rg8+ Kf3 0-1

[Event "C.to Regionale Veneto"]
[Site "Arqua' Petrarca ITA"]
[Date "2006.05.13"]
[Round "4"]
[White "Andolfatto, Biagio"]
[Black "Zangrando, Gianpietro"]
[Result "1-0"]
[WhiteElo "1684"]
[BlackElo "1939"]
[PlyCount "139"]
[EventDate "2006.05.06"]

1. c4 Nf6 2. Nc3 b6 3. Nf3 Bb7 4. g3 e5 5. d3 Bb4 6. Bd2 O-O 7. Bg2 Re8 8. O-O
Nc6 9. a3 Bf8 10. Bg5 h6 11. Bd2 Rb8 12. e3 d5 13. Nxd5 Nxd5 14. cxd5 Qxd5 15.
Bc3 Qb5 16. Qc2 Ba6 17. Rfd1 Rbd8 18. Bf1 Qd5 19. Ne1 Qe6 20. Qa4 Bb7 21. Rac1
a5 22. Qh4 Ne7 23. Bh3 Qb3 24. Qh5 Qa4 25. Qxe5 Nd5 26. Qd4 Qb3 27. Qc4 Qxc4
28. dxc4 Nxc3 29. bxc3 Bxa3 30. Rb1 Bd6 31. Nd3 Re7 32. c5 Be5 33. Nxe5 Rxd1+
34. Rxd1 Rxe5 35. cxb6 cxb6 36. Rd8+ Kh7 37. Rd7 Bd5 38. f4 Rh5 39. Bg4 Be6 40.
Bxh5 Bxd7 41. Bxf7 b5 42. Kf2 b4 43. cxb4 axb4 44. Bb3 Kg6 45. e4 Kf6 46. Ke3
g5 47. e5+ Ke7 48. Kd4 gxf4 49. gxf4 Kf8 50. Kd5 Kg7 51. Kc5 Kg6 52. Bc2+ Kh5
53. f5 b3 54. Bb1 Be8 55. Kb4 Kg5 56. Kxb3 Kf4 57. e6 Ke5 58. Kc4 Ba4 59. Kc5
Be8 60. Kb6 Kd6 61. Bd3 Bh5 62. Kb7 Bg4 63. Kc8 Ke7 64. Kc7 Bh3 65. Kc6 Bg4 66.
Kd5 Bh5 67. Ke5 Bd1 68. Bb5 Bh5 69. f6+ Kf8 70. e7+ 1-0

[Event "C.to Regionale Veneto"]
[Site "Arqua' Petrarca ITA"]
[Date "2006.05.13"]
[Round "4"]
[White "Belloni, Umberto"]
[Black "Zanini, Andrea"]
[Result "0-1"]
[WhiteElo "1915"]
[BlackElo "1700"]
[PlyCount "100"]
[EventDate "2006.05.06"]

1. d4 d5 2. c3 Nc6 3. e3 Nf6 4. f4 Bg4 5. Nf3 Qd7 6. Be2 h5 7. Nbd2 Ne4 8. Nxe4
dxe4 9. Nd2 Bxe2 10. Qxe2 f5 11. h4 g6 12. b4 e6 13. Bb2 Bg7 14. Nb3 b6 15. Rd1
O-O 16. O-O Qe7 17. g3 Rfd8 18. Kg2 a5 19. b5 a4 20. Nd2 a3 21. Ba1 Nb8 22. Nc4
Nd7 23. Ne5 Nxe5 24. dxe5 Rxd1 25. Rxd1 Rd8 26. Rd4 Bf8 27. Qc4 Rxd4 28. cxd4
Kf7 29. Bc3 Ke8 30. Kf2 Qd7 31. Ke2 Qd5 32. Qxd5 exd5 33. Kd2 Kd7 34. Kc2 c6
35. bxc6+ Kxc6 36. Kb3 Kb5 37. Bd2 Be7 38. Bc1 Bb4 39. Bxa3 Bd2 40. e6 Kc6 41.
Be7 Bxe3 42. Kc3 Bf2 43. Bg5 Bxg3 44. Kd2 Bh2 45. e7 Kd7 46. Kc3 b5 47. a3 Bg1
48. Bf6 Be3 49. Bg5 Bc1 50. Bh6 Bxa3 0-1

[Event "C.to Regionale Veneto"]
[Site "Arqua' Petrarca ITA"]
[Date "2006.05.13"]
[Round "4"]
[White "Carlassara, Renato"]
[Black "Battiston, Gianfranco"]
[Result "1-0"]
[WhiteElo "1841"]
[BlackElo "1652"]
[PlyCount "115"]
[EventDate "2006.05.06"]

1. e4 e5 2. Nf3 d6 3. Bc4 Be7 4. Nc3 Nf6 5. d4 exd4 6. Nxd4 c5 7. Bb5+ Bd7 8.
Bxd7+ Nfxd7 9. Nf5 O-O 10. Nxd6 Nf6 11. Nf5 Qxd1+ 12. Kxd1 Nc6 13. Nxe7+ Nxe7
14. Bg5 Nc6 15. Bxf6 gxf6 16. Nd5 Kg7 17. c4 Rad8 18. Re1 Ne5 19. b3 Nd3 20.
Re2 Rfe8 21. Kc2 Nb4+ 22. Nxb4 cxb4 23. Rd1 Kg6 24. Rxd8 Rxd8 25. Rd2 Re8 26.
f3 f5 27. Rd6+ f6 28. Kd3 fxe4+ 29. fxe4 Re7 30. Rd5 a6 31. Ke3 Re6 32. Kf4 b6
33. g4 h6 34. h4 Rc6 35. h5+ Kg7 36. Rd7+ Kf8 37. e5 Ke8 38. Rd6 fxe5+ 39. Kxe5
Rc5+ 40. Kf6 b5 41. cxb5 Rxb5 42. Re6+ Kd7 43. Rxa6 Rg5 44. Ra7+ Kc6 45. Rh7
Rxg4 46. Rxh6 Rg2 47. Kf7+ Kb7 48. Rg6 Rxa2 49. h6 Rc2 50. Re6 Rh2 51. Kg7 Rd2
52. Rf6 Rg2+ 53. Rg6 Rd2 54. h7 Rd7+ 55. Kh6 Rd8 56. Rg7+ Kc6 57. Rg8 Rd6+ 58.
Rg6 1-0

[Event "C.to Regionale Veneto"]
[Site "Arqua' Petrarca ITA"]
[Date "2006.05.13"]
[Round "4"]
[White "Caruso, Augusto"]
[Black "Mosconi, Ariel Oscar"]
[Result "1-0"]
[WhiteElo "2274"]
[BlackElo "2122"]
[PlyCount "115"]
[EventDate "2006.05.06"]

1. e4 e5 2. Nf3 Nc6 3. Bb5 f5 4. d3 Nf6 5. O-O Be7 6. Nc3 O-O 7. a4 Kh8 8. h3
a6 9. Bc4 f4 10. Nd5 d6 11. c3 Bd7 12. b4 Be8 13. Ng5 Bh5 14. Ne6 Bxd1 15. Nxd8
Nxd5 16. Nxc6 bxc6 17. exd5 Be2 18. Re1 f3 19. dxc6 e4 20. Ra2 Bf6 21. Raxe2
fxe2 22. d4 a5 23. b5 Rad8 24. Bd5 Rde8 25. Rxe2 Re7 26. Be3 h5 27. g3 g5 28.
Kg2 Kg7 29. c4 Rd8 30. Kf1 g4 31. h4 Ree8 32. Rd2 Kg6 33. Ke2 Bg7 34. Bf4 Bh6
35. Bxh6 Kxh6 36. Rb2 Rb8 37. c5 dxc5 38. dxc5 Re5 39. Rd2 Kg7 40. Ke3 Kf6 41.
Kd4 Rxd5+ 42. Kxd5 Rd8+ 43. Kc4 Rxd2 44. b6 Rd8 45. Kb5 Ke5 46. Kxa5 e3 47.
fxe3 Ke4 48. bxc7 Rg8 49. Kb6 Kf3 50. Kb7 Kxg3 51. c8=Q Rxc8 52. Kxc8 Kxh4 53.
c7 g3 54. Kb7 g2 55. c8=Q g1=Q 56. Qd8+ Kh3 57. Qd7+ Kh4 58. Qe7+ 1-0

[Event "C.to Regionale Veneto"]
[Site "Arqua' Petrarca ITA"]
[Date "2006.05.13"]
[Round "4"]
[White "Colusso, Enrico"]
[Black "Baldi, Giancarlo"]
[Result "0-1"]
[WhiteElo "1733"]
[BlackElo "1692"]
[PlyCount "76"]
[EventDate "2006.05.06"]

1. e4 e5 2. Nf3 Nc6 3. Bc4 Bc5 4. c3 d6 5. d4 exd4 6. cxd4 Bb6 7. O-O Nf6 8.
Nc3 a6 9. Bg5 Bg4 10. h3 Bxf3 11. Qxf3 Bxd4 12. Nd5 Ne5 13. Nxf6+ Kf8 14. Nxh7+
Rxh7 15. Bxd8 Nxf3+ 16. gxf3 Rxd8 17. Kg2 b5 18. Bd3 Be5 19. Rab1 c5 20. b3 Re8
21. a4 Re6 22. Rh1 bxa4 23. bxa4 a5 24. Rb8+ Re8 25. Rhb1 Rxb8 26. Rxb8+ Ke7
27. Rb5 Bc3 28. e5 Rh4 29. exd6+ Kxd6 30. Be4 f6 31. Kg3 g5 32. Rb6+ Ke5 33.
Bc6 Rh8 34. Bd7 Rd8 35. Rb7 Kd4 36. f4 Bd2 37. fxg5 fxg5 38. Rb2 Bf4+ 0-1

[Event "C.to Regionale Veneto"]
[Site "Arqua' Petrarca ITA"]
[Date "2006.05.13"]
[Round "4"]
[White "Danieli, Enrico"]
[Black "Casciello, Dimitri"]
[Result "1/2-1/2"]
[WhiteElo "2143"]
[BlackElo "2010"]
[PlyCount "55"]
[EventDate "2006.05.06"]

1. d4 Nf6 2. Nf3 g6 3. Nc3 d5 4. Bf4 Bg7 5. e3 O-O 6. Be2 c5 7. O-O cxd4 8.
exd4 Nc6 9. Ne5 Qb6 10. Nxc6 Qxc6 11. Be5 a6 12. Bf3 Be6 13. Ne2 Bf5 14. c3 Ne4
15. Bxg7 Kxg7 16. Bxe4 Bxe4 17. Ng3 Bf5 18. Nxf5+ gxf5 19. Re1 e6 20. Qd2 Kh8
21. Qh6 Rg8 22. Qf6+ Rg7 23. Re3 Qb6 24. Rg3 Rag8 25. Rxg7 Rxg7 26. b3 Qc7 27.
Rc1 b5 28. f4 1/2-1/2

[Event "C.to Regionale Veneto"]
[Site "Arqua' Petrarca ITA"]
[Date "2006.05.13"]
[Round "4"]
[White "Fabrello, Alessandro"]
[Black "Panciera, Fabio"]
[Result "0-1"]
[WhiteElo "1560"]
[BlackElo "1757"]
[PlyCount "84"]
[EventDate "2006.05.06"]

1. d4 d5 2. Nf3 Nc6 3. Bf4 Bg4 4. Nbd2 e6 5. e3 Bd6 6. Bxd6 cxd6 7. Be2 Nf6 8.
a3 O-O 9. O-O Rc8 10. c3 a6 11. Re1 b5 12. h3 Bh5 13. Nh2 Bxe2 14. Rxe2 a5 15.
e4 dxe4 16. Nxe4 Nxe4 17. Rxe4 d5 18. Re3 Qb6 19. b4 Ne7 20. Qd2 Rc7 21. Rc1
Rfc8 22. Nf3 Nf5 23. Rd3 Nd6 24. Ne5 Nc4 25. Nxc4 Rxc4 26. Rg3 axb4 27. axb4
Qc7 28. Qg5 g6 29. h4 Rxd4 30. h5 Re4 31. hxg6 hxg6 32. Qh6 Qf4 33. Qxf4 Rxf4
34. Rd3 Rxb4 35. Rcd1 Rbc4 36. Rb1 Rxc3 37. Rxc3 Rxc3 38. Rxb5 Rc1+ 39. Kh2 Kg7
40. Rb3 Kf6 41. Kg3 d4 42. f4 Rc3+ 0-1

[Event "C.to Regionale Veneto"]
[Site "Arqua' Petrarca ITA"]
[Date "2006.05.13"]
[Round "4"]
[White "Gallo, Enrico"]
[Black "Danese, Aldo"]
[Result "0-1"]
[WhiteElo "2096"]
[BlackElo "1946"]
[PlyCount "92"]
[EventDate "2006.05.06"]

1. e4 b6 2. d4 Bb7 3. Bd3 e6 4. Nf3 c5 5. c3 cxd4 6. cxd4 Bb4+ 7. Bd2 Bxd2+ 8.
Nbxd2 Ne7 9. e5 d5 10. O-O Nbc6 11. a3 Ng6 12. Rc1 O-O 13. g3 Rc8 14. b4 Qe7
15. h4 f5 16. Nb3 Nh8 17. Kg2 Nf7 18. Qd2 Nh6 19. Ng5 Nf7 20. Qf4 g6 21. Rh1 h5
22. Nh3 Kg7 23. Qd2 Rcd8 24. Rc2 Ncxe5 25. dxe5 d4+ 26. Kh2 Bxh1 27. Kxh1 Qb7+
28. Kg1 Nxe5 29. Ng5 Nf3+ 30. Nxf3 Qxf3 31. Rc7+ Rf7 32. Qc2 Rdd7 33. Rc6 Rfe7
34. Nd2 Qd5 35. b5 e5 36. Bc4 d3 37. Qb3 Qd4 38. Be6 Rc7 39. Nf3 Qa1+ 40. Kg2
e4 41. Nd2 Rxc6 42. bxc6 Qc1 43. Bd7 e3 44. Qb4 Kf7 45. Qb3+ Kf8 46. Nc4 exf2
0-1

[Event "C.to Regionale Veneto"]
[Site "Arqua' Petrarca ITA"]
[Date "2006.05.13"]
[Round "4"]
[White "Gennari, Leone"]
[Black "Cacco, Christian"]
[Result "0-1"]
[WhiteElo "2035"]
[BlackElo "2322"]
[PlyCount "40"]
[EventDate "2006.05.06"]

1. d4 Nf6 2. c4 c5 3. d5 b5 4. cxb5 a6 5. e3 g6 6. Nc3 Bg7 7. f3 d6 8. e4 O-O
9. Bd3 Nfd7 10. f4 axb5 11. Bxb5 Ba6 12. Bxa6 Nxa6 13. Nge2 Qb6 14. b3 Nf6 15.
Rb1 Rfb8 16. h3 Qa5 17. O-O Nd7 18. Rf3 Rb7 19. Qd2 Nc7 20. Na4 Qxd2 0-1

[Event "C.to Regionale Veneto"]
[Site "Arqua' Petrarca ITA"]
[Date "2006.05.13"]
[Round "4"]
[White "Mileto, Gabriele"]
[Black "Vianello, Enrico"]
[Result "1/2-1/2"]
[WhiteElo "2182"]
[BlackElo "2094"]
[PlyCount "43"]
[EventDate "2006.05.06"]

1. e4 c5 2. Nf3 Nc6 3. d4 cxd4 4. Nxd4 Nf6 5. Nc3 e5 6. Ndb5 d6 7. Bg5 a6 8.
Na3 b5 9. Bxf6 gxf6 10. Nd5 f5 11. c3 Bg7 12. exf5 Bxf5 13. Nc2 Be6 14. Nce3
Ne7 15. g3 Nxd5 16. Nxd5 O-O 17. Bg2 f5 18. O-O a5 19. Qe2 Rb8 20. Rfd1 Qd7 21.
f4 Qf7 22. Rd2 1/2-1/2